LIBRARY & INFORMATION CENTRE, KCAET, TAVANUR

ONLINE PUBLIC ACCESS CATALOGUE (OPAC)

Ordinary Differential equations and their solutions / (Record no. 2961)

MARC details
000 -LEADER
fixed length control field 00447cam a2200169ua 4500
041 ## - LANGUAGE CODE
Language code of text/sound track or separate title ben
082 ## - DEWEY DECIMAL CLASSIFICATION NUMBER
Classification number 515.35
Item number MUR/OR
100 ## - MAIN ENTRY--AUTHOR NAME
Personal name Murphy, George .
245 ## - TITLE STATEMENT
Title Ordinary Differential equations and their solutions /
260 ## - PUBLICATION, DISTRIBUTION, ETC. (IMPRINT)
Place of publication New York :
Name of publisher D.Van Nostrand Co. ,
Year of publication 1960.
300 ## - PHYSICAL DESCRIPTION
Number of Pages 451 ; .
942 ## - ADDED ENTRY ELEMENTS (KOHA)
Koha item type Books
Holdings
Withdrawn status Lost status Damaged status Home library Current library Date acquired Full call number Accession Number Koha item type
      KAUAET KAUAET 07/04/2012 515.35 9205 Books
free website counter